000 00286nam a22001337a 4500
008 170911b xxu||||| |||| 00| 0 eng d
020 _a9780896866911
041 _aeng
080 _a52
100 _a42
101 _aAST
245 _aAN EYE TO THE SKY
_cDUDLEY,M.E
942 _2udc
_cBK
999 _c27138
_d27138